Redisgning Business Process with Information Systems- Finance Dept. of La Palm Royal Beach Hotel (Record no. 6033)
[ view plain ]
| 000 -LEADER | |
|---|---|
| fixed length control field | 00421nam a22001217a 4500 |
| 008 - FIXED-LENGTH DATA ELEMENTS--GENERAL INFORMATION | |
| fixed length control field | 160908b xxu||||| |||| 00| 0 eng d |
| 050 ## - LIBRARY OF CONGRESS CALL NUMBER | |
| Classification number | 205/2008 |
| 245 ## - TITLE STATEMENT | |
| Title | Redisgning Business Process with Information Systems- Finance Dept. of La Palm Royal Beach Hotel |
| Statement of responsibility, etc. | Dartey Jessie K. |
| 260 ## - PUBLICATION, DISTRIBUTION, ETC. | |
| Place of publication, distribution, etc. | Accra: |
| Name of publisher, distributor, etc. | Wisconsin International University, |
| Date of publication, distribution, etc. | 2008. |
| 300 ## - PHYSICAL DESCRIPTION | |
| Extent | Various pgs.: |
| 700 ## - ADDED ENTRY--PERSONAL NAME | |
| Personal name | Dartey, Jessie K. |
| 942 ## - ADDED ENTRY ELEMENTS (KOHA) | |
| Source of classification or shelving scheme | Library of Congress Classification |
| Koha item type | Reference |
| Withdrawn status | Lost status | Source of classification or shelving scheme | Damaged status | Not for loan | Collection code | Home library | Current library | Shelving location | Date acquired | Total Checkouts | Full call number | Barcode | Date last seen | Copy number | Price effective from | Koha item type |
|---|---|---|---|---|---|---|---|---|---|---|---|---|---|---|---|---|
| Library of Congress Classification | Reference | WISCONSIN INTERNATIONAL UNIVERSITY COLLEGE, GHANA - MAIN LIBRARY | WISCONSIN INTERNATIONAL UNIVERSITY COLLEGE, GHANA - MAIN LIBRARY | SERIALS | 08/09/2016 | 205/2008 | 205 | 08/09/2016 | 1 | 08/09/2016 | Reference |
